Bimbingan dan kaunseling di Malaysia / (Record no. 2073)

000 -LEADER
fixed length control field aam a22 a 4500
003 - CONTROL NUMBER IDENTIFIER
control field AKMAL
005 - DATE AND TIME OF LATEST TRANSACTION
control field 20170515110140.0
008 - FIXED-LENGTH DATA ELEMENTS--GENERAL INFORMATION
fixed length control field 170515s1987 my z 00 may d
020 ## - INTERNATIONAL STANDARD BOOK NUMBER
International Standard Book Number 9836204164
039 #9 - LEVEL OF BIBLIOGRAPHIC CONTROL AND CODING DETAIL [OBSOLETE]
Level of rules in bibliographic description 200612050950
Level of effort used to assign nonsubject heading access points shafiqah
Level of effort used to assign subject headings 200612011305
Level of effort used to assign classification faizah
Level of effort used to assign subject headings 200605160840
Level of effort used to assign classification aziah
Level of effort used to assign subject headings 200605151556
040 ## - CATALOGING SOURCE
Original cataloging agency AKMAL
Transcribing agency AKMAL
043 ## - GEOGRAPHIC AREA CODE
Geographic area code a-my---
049 00 - LOCAL HOLDINGS (OCLC)
Holding library mal
050 10 - LIBRARY OF CONGRESS CALL NUMBER
Classification number LB1027.5
082 04 - DEWEY DECIMAL CLASSIFICATION NUMBER
Classification number 361.6 LLO
090 00 - LOCALLY ASSIGNED LC-TYPE CALL NUMBER (OCLC); LOCAL CALL NUMBER (RLIN)
Classification number (OCLC) (R) ; Classification number, CALL (RLIN) (NR) 361.6
Local cutter number (OCLC) ; Book number/undivided call number, CALL (RLIN) LLO
090 2# - LOCALLY ASSIGNED LC-TYPE CALL NUMBER (OCLC); LOCAL CALL NUMBER (RLIN)
Classification number (OCLC) (R) ; Classification number, CALL (RLIN) (NR) 361.6
Local cutter number (OCLC) ; Book number/undivided call number, CALL (RLIN) LLO
100 1# - MAIN ENTRY--PERSONAL NAME
Personal name Lloyd, Arthur P.
9 (RLIN) 4275
245 10 - TITLE STATEMENT
Title Bimbingan dan kaunseling di Malaysia /
Statement of responsibility, etc. Arthur P. Lloyd, Aminah Hj. Hashim
260 ## - PUBLICATION, DISTRIBUTION, ETC.
Place of publication, distribution, etc. Kuala Lumpur :
Name of publisher, distributor, etc. Dewan Bahasa dan Pustaka,
Date of publication, distribution, etc. 1987
300 00 - PHYSICAL DESCRIPTION
Extent xiii, 306ms. :
Other physical details ill. ;
Dimensions 22cm
504 ## - BIBLIOGRAPHY, ETC. NOTE
Bibliography, etc. note Mengandungi bibliografi
650 #0 - SUBJECT ADDED ENTRY--TOPICAL TERM
Topical term or geographic name entry element Counseling
Geographic subdivision Malaysia
9 (RLIN) 4276
650 #0 - SUBJECT ADDED ENTRY--TOPICAL TERM
Topical term or geographic name entry element Vocational guidance
Geographic subdivision Malaysia
9 (RLIN) 4277
700 0# - ADDED ENTRY--PERSONAL NAME
Personal name Aminah Hj. Hashim Hj.
9 (RLIN) 4278
942 ## - ADDED ENTRY ELEMENTS (KOHA)
Source of classification or shelving scheme
Koha item type Book
Holdings
Withdrawn status Lost status Source of classification or shelving scheme Damaged status Not for loan Collection code Home library Current library Shelving location Date acquired Inventory number Total Checkouts Full call number Barcode Date last seen Price effective from Koha item type
          NON-FICTION AKMAL Melaka AKMAL Melaka PINJAMAN 15.05.2017 302141   361.6 LLO 201706304 15.05.2017 15.05.2017 Book
          NON-FICTION AKMAL Melaka AKMAL Melaka PINJAMAN 15.05.2017 302142   361.6 LLO 201706305 15.05.2017 15.05.2017 Book
          NON-FICTION AKMAL Melaka AKMAL Melaka PINJAMAN 15.05.2017 301415   361.6 LLO 201706377 15.05.2017 15.05.2017 Book
Pusat Sumber Maklumat Dato' Haji Sarmin Md Hussin, Akademi Kastam Diraja Malaysia, Melaka
Tel: 06-2331106 | Faks: 06-2313787